000 00503nam a22001937a 4500
001 78360
003 BD-RjUL
005 20211209083124.0
008 210913s1935 enk||||| |||| 00| 0 eng d
035 _a(BD-RjUL)78586
040 _aBD-RjUL
_beng
_cBD-RjUL
041 _aeng
082 _223
_a954
_bORI 1935
245 _aThe oriental annual
260 _aLondon :
_bCharles Tilt,
_c[1835?]
300 _a263p.:
_bill.;
_c20 cm.
650 _aIndia
_xDescription and travel
_9247776
942 _2ddc
_cBK
999 _c78360
_d78360